[Event "AUTO-OPEN-1436"]
[Site "http://www.queenalice.com/game.php?id=537709"]
[Date "2009.2.9"]
[Round "1"]
[White "The_white_wolf"]
[Black "jpzenitram"]
[Result "0-1"]
[WhiteElo "1725"]
[BlackElo "1925"]

1. d4 d5 2. Nc3 Nf6 3. Qd3 g6 4. Nf3 Bg7 5. e4 dxe4 6. Nxe4 Nxe4 7. Qxe4 c6 8.
Be3 Bf5 9. Qf4 Bxc2 10. Bc4 O-O 11. Ng5 e6 12. Rc1 Bf5 0-1

[Event "AUTO-OPEN-1436"]
[Site "http://www.queenalice.com/game.php?id=537724"]
[Date "2009.2.9"]
[Round "1"]
[White "markam"]
[Black "The_white_wolf"]
[Result "0-1"]
[WhiteElo "1782"]
[BlackElo "1744"]

1. d4 d5 2. c4 dxc4 3. e4 b5 4. Nf3 Bb7 5. Nc3 a6 6. Be2 f6 7. O-O e6 8. Nh4 g6
9. Re1 Nd7 10. d5 exd5 11. exd5 Be7 12. Bf3 Rb8 13. d6 cxd6 14. Qxd6 Bxf3 15.
Nxf3 Rb6 16. Qg3 Nc5 17. Be3 Rc6 18. Nd4 Rd6 19. Rad1 Nd3 0-1

[Event "AUTO-OPEN-1436"]
[Site "http://www.queenalice.com/game.php?id=537725"]
[Date "2009.2.9"]
[Round "1"]
[White "The_white_wolf"]
[Black "markam"]
[Result "1-0"]
[WhiteElo "1826"]
[BlackElo "1529"]

1. d4 Nf6 2. Nc3 d5 3. Nf3 Bg4 4. e3 e6 5. Be2 Bb4 6. a3 Bxc3+ 7. bxc3 Ne4 8.
Qd3 O-O 9. Rb1 b6 10. h3 Bf5 11. g4 Bg6 12. c4 Nxf2 13. Qc3 Ne4 14. Qb4 Ng3 15.
Rg1 Nxe2 16. Kxe2 Bxc2 17. Rb2 Be4 18. c5 Bxf3+ 19. Kxf3 f5 20. Ke2 fxg4 21.
Rxg4 Nd7 22. Kd3 bxc5 23. dxc5 Ne5+ 24. Ke2 1-0

[Event "Challenge"]
[Site "http://www.queenalice.com/game.php?id=557463"]
[Date "2009.3.17"]
[Round "-"]
[White "The_white_wolf"]
[Black "Andrei_78"]
[Result "1-0"]
[WhiteElo "1781"]
[BlackElo "1697"]

1. e4 e5 2. f3 d6 3. d4 Nc6 4. d5 Nb8 5. Qd3 h6 6. Na3 Nf6 7. Qc3 Be7 8. Be3 O-O
9. O-O-O a6 10. g4 Nbd7 11. h4 Nh7 12. Bf2 b5 13. Qa5 Bb7 14. b3 Qc8 15. h5 c5
16. dxc6 Bd8 17. Qc3 Bxc6 18. Rxd6 Be7 19. Rxc6 Qb7 20. Rc7 Bg5+ 21. Kd1 Rac8
22. Rxb7 Rxc3 23. Rxd7 Rcc8 24. Bd3 Nf6 25. Rd6 b4 26. Nc4 Ra8 27. Nh3 Ne8 28.
Rb6 a5 29. Bc5 Bd8 30. Rc6 Nc7 31. Bxf8 Kxf8 32. Nxe5 Ke7 33. g5 Ne6 34. f4 Nd4
35. Rc5 Bb6 36. Rd5 Ne6 37. Rd7+ Ke8 38. Rxf7 Nd8 39. Bb5+ Nc6 40. Bxc6+ Kd8 41.
Bxa8 Bd4 42. Rd7+ Ke8 43. Rxd4 hxg5 44. Nxg5 Ke7 45. Nc6+ Kf6 46. Rd6# 1-0

[Event "Rivincita"]
[Site "http://www.queenalice.com/game.php?id=558982"]
[Date "2009.3.20"]
[Round "-"]
[White "The_white_wolf"]
[Black "deckard"]
[Result "0-1"]
[WhiteElo "1833"]
[BlackElo "1759"]

1. e4 d5 2. exd5 Qxd5 3. Qe2 Nf6 4. Nc3 Qa5 5. d4 c6 6. Nf3 Bf5 7. Nh4 Nbd7 8.
Nxf5 Qxf5 9. b3 e6 10. Be3 Bb4 11. Qc4 Nd5 12. Bd3 Qf6 13. Bd2 N7b6 14. Nxd5
Bxd2+ 15. Kxd2 Nxc4+ 0-1

[Event "Challenge"]
[Site "http://www.queenalice.com/game.php?id=561500"]
[Date "2009.3.25"]
[Round "-"]
[White "Andrei_78"]
[Black "The_white_wolf"]
[Result "0-1"]
[WhiteElo "1689"]
[BlackElo "1806"]

1. e4 d5 2. exd5 Qxd5 3. Nc3 Qe5+ 4. Be2 Nf6 5. Nf3 Qc5 6. O-O Nc6 7. Na4 Qa5 8.
b3 e5 9. Bb2 Bd6 10. Bc3 Qd5 11. Bc4 Qe4 12. Re1 Qf5 13. Bd3 Qe6 14. Ng5 Qe7 15.
h3 O-O 16. Bb2 h6 17. Ne4 Bd7 18. Nxf6+ Qxf6 19. Re3 Nd4 20. Nc3 Rae8 21. Ne4
Qe7 22. c3 Nf5 23. Rf3 Nh4 24. Rg3 f5 25. Nxd6 cxd6 26. c4 f4 27. Rg6 Nxg6 28.
Bxg6 Rc8 29. Qc2 Qg5 30. Bh7+ Kh8 31. Qd3 f3 32. Be4 Qxg2# 0-1

[Event "Challenge"]
[Site "http://www.queenalice.com/game.php?id=563646"]
[Date "2009.3.29"]
[Round "-"]
[White "grega"]
[Black "The_white_wolf"]
[Result "0-1"]
[WhiteElo "1816"]
[BlackElo "1860"]

1. e4 e5 2. d3 Qf6 3. Nf3 Bc5 4. Nc3 c6 5. Be3 Bxe3 6. fxe3 Ne7 7. Be2 O-O 8.
O-O Qh6 9. Qd2 Na6 10. Nxe5 d6 11. Nf3 Qg6 12. d4 d5 13. e5 Nc7 14. Nh4 Qh6 15.
g3 Bh3 16. Rf2 Ng6 17. Nf3 Ne6 18. Bf1 f6 19. Bxh3 Qxh3 20. Raf1 fxe5 21. Nxe5
Nxe5 22. dxe5 Qh5 23. e4 d4 24. Ne2 Qxe5 25. c3 c5 26. Rxf8+ Rxf8 27. Rxf8+ Kxf8
28. cxd4 cxd4 29. Qd3 g5 30. Qf3+ Kg7 31. Qd3 a6 32. a4 Nc5 33. Qxd4 Qxd4+ 34.
Nxd4 Nxa4 35. b3 Nc5 36. e5 Kf7 37. Kf2 b5 38. b4 Nd3+ 39. Ke3 Nxb4 40. e6+ Kf6
41. Ke4 g4 42. Ke3 Nd5+ 43. Kd3 h6 44. Ke4 Nb6 45. Kf4 h5 46. Ke4 b4 47. Kd3 a5
48. Kc2 a4 49. Kb2 Nc4+ 50. Kc2 Ne5 51. Kd1 Nf3 52. Nxf3 gxf3 53. Ke1 b3 0-1

[Event "Challenge"]
[Site "http://www.queenalice.com/game.php?id=567290"]
[Date "2009.4.5"]
[Round "-"]
[White "paloberto"]
[Black "The_white_wolf"]
[Result "0-1"]
[WhiteElo "1718"]
[BlackElo "1810"]

1. e4 e5 2. Nf3 Nc6 3. Bb5 Bd6 4. Bxc6 bxc6 5. Nc3 Nh6 6. d4 exd4 7. Qxd4 O-O 8.
O-O c5 9. Qd3 a5 10. Bxh6 Ba6 11. Nb5 gxh6 12. e5 Be7 13. Rfe1 c6 14. c4 cxb5
15. cxb5 Bb7 16. a4 d6 17. Qf5 Bc8 18. Qf4 dxe5 19. Nxe5 Bg5 20. Qg3 Qd4 21.
Red1 Qb4 22. b3 Kh8 23. Nc6 Qe4 24. Re1 Qc2 25. Rac1 Bxc1 26. Qe5+ f6 27. Qe7
Bf5 28. b6 Bf4 29. g3 Be5 30. Nxe5 fxe5 31. Qxe5+ Kg8 32. g4 Rae8 33. Qd5+ Be6
34. Rxe6 Qxf2+ 0-1

[Event "Challenge"]
[Site "http://www.queenalice.com/game.php?id=567291"]
[Date "2009.4.5"]
[Round "-"]
[White "The_white_wolf"]
[Black "paloberto"]
[Result "1-0"]
[WhiteElo "1826"]
[BlackElo "1762"]

1. e4 e5 2. d4 exd4 3. Qxd4 Nc6 4. Qa4 d6 5. Be2 Nf6 6. Nc3 Bd7 7. Qb3 b6 8. Nf3
Be6 9. Bc4 Qd7 10. Be3 Be7 11. O-O-O O-O 12. Nd5 Na5 13. Qc3 c6 14. Nxe7+ Qxe7
15. Bd3 c5 16. e5 Ng4 17. exd6 Qd7 18. Be4 Rac8 19. h3 Nxe3 20. fxe3 f5 21. Ne5
Qd8 22. Bf3 Qh4 23. g4 Qg5 24. h4 Qd8 25. g5 g6 26. e4 Nb7 27. exf5 Rxf5 28.
Bxb7 Rb8 29. Nc6 Qd7 30. Ne7+ Kf7 31. Nxf5 Bxf5 32. Bd5+ Ke8 33. Qh8# 1-0

[Event "A game"]
[Site "http://www.queenalice.com/game.php?id=571677"]
[Date "2009.4.14"]
[Round "-"]
[White "Alcar"]
[Black "The_white_wolf"]
[Result "0-1"]
[WhiteElo "1795"]
[BlackElo "1843"]

1. d4 d5 2. c4 dxc4 3. Nc3 Nf6 4. e4 e6 5. Bxc4 c6 6. Nf3 b5 7. Bb3 Bb4 8. Bd2
Bxc3 9. Bxc3 Nxe4 10. Qc2 Nxc3 11. bxc3 Na6 12. O-O O-O 13. Ne5 c5 14. dxc5 Nxc5
15. Nc6 Qc7 16. Nd4 Ba6 17. Rac1 Rac8 18. Rfd1 e5 19. Nf5 Bb7 20. Nd6 Ra8 21.
Nxb5 Qc6 22. c4 Qxg2# 0-1

[Event "Challenge"]
[Site "http://www.queenalice.com/game.php?id=583038"]
[Date "2009.5.4"]
[Round "-"]
[White "deckard"]
[Black "The_white_wolf"]
[Result "1-0"]
[WhiteElo "1776"]
[BlackElo "1876"]

1. d4 e6 2. c4 b6 3. Nc3 Bb7 4. e4 c6 5. Bd3 d5 6. cxd5 cxd5 7. exd5 exd5 8. Be3
a6 9. Qf3 Nf6 10. Nge2 Bd6 11. O-O O-O 12. Rfe1 b5 13. Ng3 Bc6 14. a3 b4 15.
axb4 Bxb4 16. Bg5 Nbd7 17. Nh5 Be7 18. Re2 Re8 19. Rae1 Ne4 20. Bxe7 Rxe7 21.
Nxe4 dxe4 22. Bxe4 Bxe4 23. Rxe4 Rxe4 24. Qxe4 g6 25. Nf4 Nf6 26. Qe5 Ng4 27.
Qe2 Qa5 28. Rd1 Nf6 29. Nd3 Qb5 30. Qf3 Nd5 31. Rc1 Re8 32. Ne5 f6 33. Rc5 Qxb2
34. Qxd5+ Kh8 35. h4 fxe5 36. Qf7 Rg8 37. Qf6+ 1-0

[Event "AUTO-ADV-1519"]
[Site "http://www.queenalice.com/game.php?id=673036"]
[Date "2009.10.27"]
[Round "1"]
[White "eli87"]
[Black "The_white_wolf"]
[Result "0-1"]
[WhiteElo "1706"]
[BlackElo "1836"]

1. Nf3 d5 2. g3 Nc6 3. Bg2 e5 4. d3 Nf6 5. O-O h6 6. Nbd2 Be7 7. c4 dxc4 8. Nxc4
O-O 9. Ncxe5 Nxe5 10. Nxe5 Qd6 11. Bf4 Qb4 12. b3 c6 13. a3 Qc3 14. Rc1 Qb2 15.
Nc4 Qd4 16. Nd6 Bxd6 17. e3 Qb2 18. Bxd6 Re8 19. Re1 Ng4 20. Re2 Qf6 21. Bf4 Be6
22. h3 Ne5 0-1

[Event "AUTO-ADV-1519"]
[Site "http://www.queenalice.com/game.php?id=673037"]
[Date "2009.10.27"]
[Round "1"]
[White "The_white_wolf"]
[Black "eli87"]
[Result "1-0"]
[WhiteElo "1847"]
[BlackElo "1695"]

1. e4 c5 2. Bc4 Nc6 3. Nf3 e6 4. d4 cxd4 5. Nxd4 Nf6 6. Nxc6 bxc6 7. e5 Qa5+ 8.
Nc3 Qxe5+ 9. Be3 Bb4 10. O-O Bxc3 11. bxc3 Qxc3 12. Bb3 O-O 13. Qd6 Ne4 14. Qf4
Nc5 15. Bd4 Qb4 16. c3 Qa5 17. Qg5 f6 18. Qxc5 Qc7 19. Rfe1 d6 20. Qa3 c5 21.
Be3 Bd7 22. c4 a5 23. Ba4 1-0

[Event "AUTO-ADV-1519"]
[Site "http://www.queenalice.com/game.php?id=673054"]
[Date "2009.10.27"]
[Round "1"]
[White "The_white_wolf"]
[Black "yclaudiu35"]
[Result "0-1"]
[WhiteElo "1857"]
[BlackElo "1828"]

1. e4 e5 2. Nf3 Nc6 3. d4 exd4 4. Nxd4 Qe7 5. c3 Qxe4+ 6. Be3 Nxd4 7. cxd4 d5 8.
Nd2 Qg6 9. Qf3 Qc2 10. Rb1 Be6 11. Bf4 Bb4 12. Bd3 Bxd2+ 13. Bxd2 Qc6 14. O-O h6
15. Qg3 g5 16. Rbc1 Qd6 17. Qf3 O-O-O 18. a3 Rf8 19. Bb4 Qd8 20. Bxf8 Qxf8 21.
Rfe1 Qg7 22. Bf5 Qf6 23. Qg3 c6 24. Bxe6+ fxe6 25. Qd6 Qxd4 26. Qxe6+ Kc7 27.
Qf7+ Kb6 28. Rcd1 Qf6 29. Qxf6 Nxf6 30. Re6 Ne4 31. g3 h5 32. Rxd5 Rg8 33. Rf5
Nd2 34. Rh6 h4 35. g4 Nc4 36. h3 Nxb2 37. f4 gxf4 38. Rxf4 Nd3 39. Rf5 Re8 40.
g5 Re1+ 41. Rf1 Re4 42. Rf5 Nf4 43. Rxf4 Rxf4 44. g6 Rf3 45. Rxh4 Rg3+ 46. Kh2
Rxg6 47. Rb4+ Kc7 48. h4 b5 49. Kh3 a5 50. Rf4 c5 51. Rf5 Kc6 52. h5 Rh6 53. Kh4
b4 54. Kg5 Rh8 55. axb4 axb4 0-1

[Event "AUTO-ADV-1519"]
[Site "http://www.queenalice.com/game.php?id=673056"]
[Date "2009.10.27"]
[Round "1"]
[White "The_white_wolf"]
[Black "micheleoneleven"]
[Result "0-1"]
[WhiteElo "1836"]
[BlackElo "2134"]

1. d4 Nf6 2. Nc3 d5 3. Nf3 Bf5 4. Bf4 e6 5. Ne5 Bb4 6. a3 Bxc3+ 7. bxc3 O-O 8.
e3 Nbd7 9. c4 c5 10. c3 Nxe5 11. Bxe5 Ne4 12. Qb3 f6 13. f3 fxe5 14. fxe4 Qh4+
15. Kd2 Bxe4 16. Ra2 Qf2+ 17. Kd1 Qxf1+ 0-1

[Event "AUTO-ADV-1519"]
[Site "http://www.queenalice.com/game.php?id=673057"]
[Date "2009.10.27"]
[Round "1"]
[White "micheleoneleven"]
[Black "The_white_wolf"]
[Result "1-0"]
[WhiteElo "2141"]
[BlackElo "1836"]

1. Nf3 d5 2. g3 Nc6 3. d4 Nf6 4. Bg2 Ne4 5. O-O g6 6. c4 dxc4 7. d5 Nb4 8. Qa4+
c6 9. Qxb4 cxd5 10. Ne5 Nf6 11. Qb5+ Nd7 12. Nxd7 Bxd7 13. Qxd5 b5 14. Qxa8 Bc8
15. Bc6+ 1-0

[Event "AUTO-OPEN-2013"]
[Site "http://www.queenalice.com/game.php?id=791767"]
[Date "2010.6.18"]
[Round "1"]
[White "Famelo"]
[Black "The_white_wolf"]
[Result "1-0"]
[WhiteElo "2163"]
[BlackElo "1837"]

1. f4 d5 2. Nf3 Nf6 3. e3 e6 4. d4 c5 5. c3 c4 6. Be2 Bd6 7. O-O O-O 8. Ne5 Ne4
9. Nd2 Nxd2 10. Bxd2 f6 11. Ng4 Nc6 12. e4 dxe4 13. Bxc4 f5 14. Ne5 Bxe5 15.
fxe5 Bd7 16. Qh5 Qb6 17. Bb3 Nxe5 18. Rxf5 Rxf5 19. Qxf5 Nf7 20. Qxe4 Re8 21.
Rf1 a5 22. Qf4 Rf8 23. Bc1 Qb5 24. Qg3 a4 25. Bc2 h6 26. Qg6 Qxf1+ 27. Kxf1 Nh8+
28. Ke2 Nxg6 29. Bxg6 Bc6 30. g3 1-0

[Event "AUTO-OPEN-2013"]
[Site "http://www.queenalice.com/game.php?id=791768"]
[Date "2010.6.18"]
[Round "1"]
[White "The_white_wolf"]
[Black "Famelo"]
[Result "0-1"]
[WhiteElo "1840"]
[BlackElo "2161"]

1. d4 d6 2. e4 Nf6 3. Nc3 g6 4. f4 Bg7 5. Nf3 O-O 6. Bc4 c6 7. e5 dxe5 8. Nxe5
e6 9. b3 b5 10. Be2 Bb7 11. O-O Nbd7 12. Bf3 Nxe5 13. fxe5 Nd5 14. Qd2 Rc8 15.
Ba3 Re8 16. Nxd5 cxd5 17. Bc5 a5 18. Be2 Qd7 19. Qxa5 Bc6 20. a4 Ra8 21. Qb4
bxa4 22. bxa4 Rxa4 23. Rxa4 Bxa4 24. c4 Bc6 25. cxd5 Bxd5 26. Qb6 Qc6 27. Qb4
Qa8 28. Qb5 Bxg2 29. Rf2 Bc6 30. Qb6 Bh6 31. Qb3 Rb8 0-1

[Event "AUTO-OPEN-2013"]
[Site "http://www.queenalice.com/game.php?id=791789"]
[Date "2010.6.18"]
[Round "1"]
[White "andregor"]
[Black "The_white_wolf"]
[Result "1-0"]
[WhiteElo "2162"]
[BlackElo "1805"]

1. e4 e5 2. Nf3 Nc6 3. Bb5 a6 4. Ba4 Nf6 5. O-O Nxe4 6. d4 Bd6 7. dxe5 Nxe5 8.
Nxe5 Bxe5 9. Qd5 Qf6 10. Qxe4 O-O 11. c3 c6 12. Bc2 g6 13. Re1 d5 14. Qxe5 Qxe5
15. Rxe5 Be6 16. Bg5 Rae8 17. Bf6 1-0

[Event "AUTO-OPEN-2013"]
[Site "http://www.queenalice.com/game.php?id=791790"]
[Date "2010.6.18"]
[Round "1"]
[White "The_white_wolf"]
[Black "andregor"]
[Result "0-1"]
[WhiteElo "1805"]
[BlackElo "2159"]

1. d4 e6 2. Nc3 b6 3. e4 Bb7 4. Bc4 Nf6 5. d5 Bb4 6. Bd2 Bxc3 7. Bxc3 Nxe4 8.
Nf3 Nxc3 9. bxc3 Qf6 10. Qd2 exd5 11. Qe3+ Kd8 12. Bb3 Re8 13. Qxe8+ Kxe8 14.
O-O Qxc3 15. Rae1+ Kf8 16. Re3 Qf6 17. Rfe1 Na6 0-1

[Event "AUTO-OPEN-2013"]
[Site "http://www.queenalice.com/game.php?id=791801"]
[Date "2010.6.18"]
[Round "1"]
[White "QUINTAL"]
[Black "The_white_wolf"]
[Result "1-0"]
[WhiteElo "1868"]
[BlackElo "1819"]

1. d4 d5 2. c4 e6 3. e3 b6 4. Nf3 Ba6 5. Nc3 Bxc4 6. Bxc4 dxc4 7. O-O Nf6 8. Re1
Be7 9. e4 O-O 10. Bg5 c6 11. Rc1 b5 12. e5 Nd5 13. Bxe7 1-0

[Event "AUTO-OPEN-2013"]
[Site "http://www.queenalice.com/game.php?id=791802"]
[Date "2010.6.18"]
[Round "1"]
[White "The_white_wolf"]
[Black "QUINTAL"]
[Result "0-1"]
[WhiteElo "1834"]
[BlackElo "1853"]

1. d4 Nf6 2. Nc3 g6 3. Nf3 Bg7 4. e4 d6 5. e5 dxe5 6. Nxe5 Nd5 7. Qf3 Nf6 8. Be3
O-O 9. O-O-O c6 10. h3 e6 11. g4 Nd5 12. Nxd5 cxd5 13. g5 f5 0-1